| 000 | 00845cam a2200253 4500 | ||
|---|---|---|---|
| 999 |
_c129453 _d129453 |
||
| 001 | 1710011 | ||
| 003 | ARRUPE | ||
| 005 | 20190425114806.0 | ||
| 008 | 720121t19711972pau b 000 0 eng | ||
| 010 | _a 70171509 | ||
| 020 | _a0800614607 | ||
| 040 |
_aDLC _cDLC _dDLC |
||
| 050 | 0 | 0 |
_aBS1171.2 _b.R34 |
| 082 | 0 | 0 | _a221.6/6 |
| 100 | 1 |
_aRast, Walter E., _d1930- _945966 |
|
| 245 | 1 | 0 |
_aTradition history and the Old Testament, _cby Walter E. Rast. |
| 260 |
_aPhiladelphia, _bFortress Press _c[1971, c1972] |
||
| 300 |
_axiii, 82 p. _c22 cm. |
||
| 350 | _a$2.50 | ||
| 490 | 0 | _aGuides to Biblical scholarship. Old Testament series | |
| 504 | _aBibliography: p. 80-82. | ||
| 630 | 0 | 0 |
_aBible. _pOld Testament _xCriticism, interpretation, etc. _945967 |
| 906 |
_a7 _bcbc _corignew _d2 _encip _f19 _gy-gencatlg |
||
| 942 |
_2lcc _cMONOGRAPH |
||